Normal view
MARC view
Entry Topical Term
001 - CONTROL NUMBER
- control field: 55081
003 - CONTROL NUMBER IDENTIFIER
- control field: OSt
005 - DATE AND TIME OF LATEST TRANSACTION
- control field: 20241028132127.0
008 - FIXED-LENGTH DATA ELEMENTS
- fixed length control field: 241028|| aca||aabn | a|a d
040 ## - CATALOGING SOURCE
- Original cataloging agency: OSt
- Transcribing agency: OSt
150 ## - HEADING--TOPICAL TERM
- Topical term or geographic name entry element: နှစ်ကျိပ်ရှစ်ဆူဘုရား
- Form subdivision: သမိုင်း။
670 ## - SOURCE DATA FOUND
- Source citation: Work cat.: (OSt): သျှင်သီရိ၊ တက္ကသိုလ်- 55080, နှစ်ကျိပ်ရှစ်ဆူဘုရားများသမိုင်း /, ၁၉၉၆။